Operations management / (Record no. 50089)

MARC details
000 -LEADER
fixed length control field 01178cam a22003134a 4500
001 - CONTROL NUMBER
control field 12624334
003 - CONTROL NUMBER IDENTIFIER
control field OSt
005 - DATE AND TIME OF LATEST TRANSACTION
control field 20170421122520.0
008 - FIXED-LENGTH DATA ELEMENTS--GENERAL INFORMATION
fixed length control field 011218s2002 nju b 001 0 eng
010 ## - LIBRARY OF CONGRESS CONTROL NUMBER
LC control number 2001059337
020 ## - INTERNATIONAL STANDARD BOOK NUMBER
International Standard Book Number 0130348341
040 ## - CATALOGING SOURCE
Original cataloging agency DLC
Transcribing agency DLC
Modifying agency DLC
042 ## - AUTHENTICATION CODE
Authentication code pcc
050 00 - LIBRARY OF CONGRESS CALL NUMBER
Classification number TS155
Item number .R75 2003
082 00 - DEWEY DECIMAL CLASSIFICATION NUMBER
Classification number 658.5
Edition number 21
100 1# - MAIN ENTRY--PERSONAL NAME
Personal name Russell, Roberta S.
245 10 - TITLE STATEMENT
Title Operations management /
Statement of responsibility, etc Roberta S. Russell, Bernard W. Taylor III.
250 ## - EDITION STATEMENT
Edition statement 4th ed.
260 ## - PUBLICATION, DISTRIBUTION, ETC. (IMPRINT)
Place of publication, distribution, etc Upper Saddle River, NJ :
Name of publisher, distributor, etc Prentice Hall,
Date of publication, distribution, etc 2003.
300 ## - PHYSICAL DESCRIPTION
Extent xx, 824 p. :
Other physical details col. ill. ;
Dimensions 26 cm. +
Accompanying material 1 CD-ROM (4 3/4 in.)
504 ## - BIBLIOGRAPHY, ETC. NOTE
Bibliography, etc Includes bibliographical references and index.
590 ## - LOCAL NOTE (RLIN)
Local note LC copy missing CD-ROM.
650 #0 - SUBJECT ADDED ENTRY--TOPICAL TERM
Topical term or geographic name as entry element Production management.
650 #0 - SUBJECT ADDED ENTRY--TOPICAL TERM
Topical term or geographic name as entry element Quality control.
700 1# - ADDED ENTRY--PERSONAL NAME
Personal name Taylor, Bernard W.,
Titles and other words associated with a name III.
906 ## - LOCAL DATA ELEMENT F, LDF (RLIN)
a 7
b cbc
c orignew
d 1
e ocip
f 20
g y-gencatlg
942 ## - ADDED ENTRY ELEMENTS (KOHA)
Source of classification or shelving scheme Library of Congress Classification
Koha item type Book
Holdings
Withdrawn status Lost status Source of classification or shelving scheme Damaged status Not for loan Collection code Home library Current library Shelving location Date acquired Source of acquisition Cost, normal purchase price Total Checkouts Full call number Barcode Date checked out Price effective from Koha item type Serial Enumeration / chronology
    Library of Congress Classification     Non-fiction Nairobi Campus Nairobi Campus General Circulation 21/04/2017 Donation-BFA 2300.00 6 TS155 .R75 2003 052820 15/03/2019 21/04/2017 Book  
    Library of Congress Classification   Not For Loan Non-fiction Nairobi Campus Nairobi Campus Processing Center 21/04/2017 Donation-BFA 2300.00   TS155 .R75 2003 052821   21/04/2017 Book CD